| 000 | 00576 a2200157 4500 | ||
|---|---|---|---|
| 999 |
_c4090 _d4090 |
||
| 020 | _a 9780435462628 | ||
| 050 | _aQA75.5 WAR 2002 | ||
| 100 |
_aWard, Susan _eauthor |
||
| 245 |
_aSpreadsheets : _blevel 1 diploma for IT users for City & Guilds / _cSusan Ward |
||
| 264 |
_aOxford, England : _b Heinemann, _c 2002. |
||
| 300 | _aiv, 92 pages : bill. ; 30 cm. | ||
| 440 | _aCity & Guilds., Level 1, certificate for IT users. | ||
| 500 | _a"E-Quals"--Cover. lncludes index | ||
| 650 |
_aElectronic spreadsheets _xStudy and teaching (Secondary) |
||
| 942 |
_2lcc _cBK _h75.5 _iWAR _kQA |
||